Southville International School and Colleges

Social psychology and human nature / (Record no. 367825)

000 -LEADER
fixed length control field 00800nam a22002417a 4500
003 - CONTROL NUMBER IDENTIFIER
control field 0
005 - DATE AND TIME OF LATEST TRANSACTION
control field 20250909094206.0
008 - FIXED-LENGTH DATA ELEMENTS--GENERAL INFORMATION
fixed length control field 250909b xxu||||| |||| 00| 0 eng d
020 ## - INTERNATIONAL STANDARD BOOK NUMBER
International Standard Book Number 978-0-357-94630-5
050 ## - LIBRARY OF CONGRESS CALL NUMBER
Classification number HM 1033
Item number .B87 2025
100 ## - MAIN ENTRY--PERSONAL NAME
Personal name Bushman, Brad J.,
Relator term author.
245 ## - TITLE STATEMENT
Title Social psychology and human nature /
Statement of responsibility, etc Brad J. Bushman and Roy F. Baumeister.
250 ## - EDITION STATEMENT
Edition statement Sixth edition.
260 ## - PUBLICATION, DISTRIBUTION, ETC. (IMPRINT)
Place of publication, distribution, etc Mason, OH :
Name of publisher, distributor, etc Cengage,
Date of publication, distribution, etc 2025.
300 ## - PHYSICAL DESCRIPTION
Extent xxvii, various pagination :
Other physical details colored illustrations ;
Dimensions 28 cm.
504 ## - BIBLIOGRAPHY, ETC. NOTE
Bibliography, etc Includes bibliographical references and index.
650 ## - SUBJECT ADDED ENTRY--TOPICAL TERM
Topical term or geographic name as entry element Social psychology
General subdivision Textbooks.
650 ## - SUBJECT ADDED ENTRY--TOPICAL TERM
Topical term or geographic name as entry element Interpersonal relations.
650 ## - SUBJECT ADDED ENTRY--TOPICAL TERM
Topical term or geographic name as entry element Self
General subdivision Social aspects.
650 ## - SUBJECT ADDED ENTRY--TOPICAL TERM
Topical term or geographic name as entry element Group identity.
700 ## - ADDED ENTRY--PERSONAL NAME
Personal name Baumeister, Roy F.,
Relator term author.
942 ## - ADDED ENTRY ELEMENTS (KOHA)
Source of classification or shelving scheme
Koha item type Books
Holdings
Price effective from Sub Shelving location Date last seen Date acquired Withdrawn status Source of classification or shelving scheme Shelving location Barcode Full call number Damaged status Lost status Source of acquisition Koha item type Permanent Location Current Location
2025-09-09 2025-09-092025-06-04  Reserve SectionC24949HM 1033 .B87 2025  Library FundBooksCollege LibraryCollege Library
Powered by Koha